| 000 | 01474nam a22002057a 4500 | ||
|---|---|---|---|
| 999 |
_c59000 _d59000 |
||
| 003 | Ge_BSU | ||
| 005 | 20221028120846.0 | ||
| 008 | 221028s2004 ge ||||| |||| 00| 0 geo d | ||
| 020 | _a999280811X | ||
| 041 | _ageo | ||
| 080 | _a338(479.22)(09)+ 94(479.22)"11/12" ა-20 | ||
| 100 |
_aაბუსელიძე, გიორგი _93844 |
||
| 245 |
_aტბელ აბუსერისძის ეპოქის სამხრეთ-დასავლეთ საქართველო (ეკონომიკური მდგომარეობა) = South-Western Georgia of Tbel Abuserisdze Epoch (Economical Situation) = Sued-westliches Georgien der Epoche von Tbel Abuserisdse (wirtschaftlicher Zustand) = Юго-западная Грузия Эпохи Тбел Абусерисдзе (экономическое положение) / _cგიორგი აბუსელიძე ; [რედ.: ი. სიხარულიძე, შ. ქისტაური]. |
||
| 264 |
_aთბილისი : _bმეცნიერება, _c2004. |
||
| 300 |
_a128 გვ. : _bილ. ; _c20 სმ. |
||
| 653 | _aსაქართველოს ეკონომიკური ისტორია. | ||
| 653 | _aსაქართველოს შუა საუკუნეების ისტორია -- XII-XIII სს. | ||
| 700 |
_aსიხარულიძე, ი. _eრედაქტორი _915625 |
||
| 942 |
_2udc _cBK |
||